| 000 | 00839nam a22003130a 4500 | ||
|---|---|---|---|
| 001 | PT60199 | ||
| 003 | AR-LpoUNG | ||
| 005 | 20210131231942.0 | ||
| 008 | 191001s2017||||ag |||||||||||||||||spa d | ||
| 020 |
_a9789875748835 _c$13 |
||
| 040 |
_aAR-LpoUNG _bspa _cAR-LpoUNG _eaacr |
||
| 041 | _aspa | ||
| 044 | _aag | ||
| 082 | 0 | _a320.01 956fpp | |
| 100 | 1 | _aHunziker, Paula | |
| 245 | 1 | 0 |
_aFilosofía, política y platonismo : _buna investigación sobre la lectura arendtiana de Kant |
| 250 | _a1ra. ed. | ||
| 260 |
_aBuenos Aires : _bPrometeo, _c2017. |
||
| 300 |
_a255 p. : _bil., fot., mapas |
||
| 650 | 4 | _aFILOSOFIA | |
| 650 | 4 | _aPOLITICA | |
| 651 | 4 | _aEuropa | |
| 653 | _aARENDT, HANNAH | ||
| 653 | _aKANT, IMMANUEL | ||
| 653 | _aTOTALITARISMO | ||
| 700 | 1 |
_aTatián, Diego _epról. |
|
| 905 | _a60199 | ||
| 942 | _cLIB | ||
| 999 |
_c12803 _d12803 |
||